| 000 | 00447nam a2200169Ia 4500 | ||
|---|---|---|---|
| 008 | 230917s9999||||xx |||||||||||||| ||und|| | ||
| 020 | _cRS1250 | ||
| 040 |
_e213238 _aMAIN |
||
| 041 | _aEnglish | ||
| 082 | _a370.15 D26S | ||
| 100 | _aDash, P C | ||
| 245 | 0 | _aStatistics in education and psychology | |
| 260 |
_aNew Delhi _bDominant Publishers _c2014 |
||
| 300 | _av. p. | ||
| 500 | _a4542 20/12/2013 5607 27/12/2013 Main Budget | ||
| 942 | _cBK | ||
| 999 |
_c34676 _d34676 |
||